Catalog

Record Details

Catalog Search



Available copies

  • 2 of 2 copies available at LARL/NWRL Consortium.
  • 2 of 2 copies available at Lake Agassiz Regional Library. (Show preferred library)

Current holds

0 current holds with 2 total copies.

Show Only Available Copies
Location Call Number / Copy Notes Barcode Shelving Location Status Due Date
Hendrum LINK Site DOA (Text) 33500014325229 New Available -
McIntosh Public Library DOA (Text) 33500014325211 New Available -

Record details

  • ISBN: 9798992377002
  • Physical Description: 341 pages ; 22 cm
  • Publisher: New York : Zibby Publishing, [2025]

Content descriptions

Summary, etc.:
"When Marlowe Fisher, an illustrator living in New ... Read More
Subject: Women illustrators > Fiction.
Family secrets > Fiction.
Missing persons > Investigation > Fiction.
Murder > Investigation > Fiction.
Women illustrators > Fiction.
Missing persons > Fiction.
Homicide > Fiction.
New York (N.Y.) > Fiction.
Genre: Detective and mystery fiction.
Domestic fiction.
Psychological fiction.
Thrillers (Fiction)
LDR 02743cam a2200529 i 4500
001476989
003LARL_NWRL_CONSORTIUM
00520260121182017.0
008250118t20252025nyu e 000 1 eng d
010 . ‡a 2025930784
040 . ‡aIG# ‡beng ‡erda ‡cIG# ‡dOCLCO ‡dBDX ‡dMWD ‡dOF9 ‡dOCLCO ‡dXXWGB
019 . ‡a1518717599
020 . ‡a9798992377002 ‡q(softcover)
020 . ‡z9798992377019 ‡q(epub)
020 . ‡z9798992377026 ‡q(ebk.)
035 . ‡a(OCoLC)1550434337 ‡z(OCoLC)1518717599
043 . ‡an-us-ny
08204. ‡a813/.6 ‡223
1001 . ‡aDoar, Julie, ‡eauthor.
24514. ‡aThe Gallagher place / ‡cJulie Doar.
264 1. ‡aNew York : ‡bZibby Publishing, ‡c[2025]
264 4. ‡c©2025
300 . ‡a341 pages ; ‡c22 cm
336 . ‡atext ‡btxt ‡2rdacontent
337 . ‡aunmediated ‡bn ‡2rdamedia
338 . ‡avolume ‡bnc ‡2rdacarrier
520 . ‡a"When Marlowe Fisher, an illustrator living in New York City, returns to her family’s bewitching Hudson Valley home for the holidays, she discovers a body in the woods--a murder that draws her back into the haunting case of her teenage best friend’s disappearance two decades earlier. What happened to Nora? As police descend on the sprawling Fisher property, Marlowe is pulled into an investigation that threatens to unravel the town’s fragile loyalties and expose the shadowed legacy of a weekend home steeped in secrets. Marlowe must confront the fallibility of her own memory and the feeling that everyone--including her brothers--is hiding something if she’s to uncover the shocking truth about her lost friend. In this gripping debut, Julie Doar delivers a chilling mystery that explores the corrosive power of silence and the tension of family secrets" -- ‡cBack cover.
650 0. ‡aWomen illustrators ‡vFiction.
650 0. ‡aFamily secrets ‡vFiction. ‡0(LARL_NWRL_CONSORTIUM)164948
650 0. ‡aMissing persons ‡xInvestigation ‡vFiction. ‡0(LARL_NWRL_CONSORTIUM)173417
650 0. ‡aMurder ‡xInvestigation ‡vFiction. ‡0(LARL_NWRL_CONSORTIUM)166203
650 7. ‡aWomen illustrators ‡vFiction. ‡2sears
650 7. ‡aMissing persons ‡vFiction. ‡2sears ‡0(LARL_NWRL_CONSORTIUM)165976
650 7. ‡aHomicide ‡vFiction. ‡2sears
651 7. ‡aNew York (N.Y.) ‡vFiction. ‡2sears ‡0(LARL_NWRL_CONSORTIUM)166410
655 7. ‡aDetective and mystery fiction. ‡2lcgft
655 7. ‡aDomestic fiction. ‡2lcgft
655 7. ‡aPsychological fiction. ‡2lcgft
655 7. ‡aThrillers (Fiction) ‡2lcgft
905 . ‡uvanderl
901 . ‡a476989 ‡bAUTOGEN ‡c476989 ‡tbiblio ‡soclc

Additional Resources